|
|
|
|
| LEADER |
00000nam0a2200000 4500 |
| 001 |
127733 |
| 005 |
20231031132342.0 |
| 010 |
|
|
|a 9785160031033
|
| 035 |
|
|
|a (RuTPU)RU\TPU\book\138179
|
| 090 |
|
|
|a 127733
|
| 100 |
|
|
|a 20071219d2008 m y0rusy50 ca
|
| 101 |
0 |
|
|a rus
|
| 102 |
|
|
|a RU
|
| 105 |
|
|
|a a j 011zy
|
| 200 |
1 |
|
|a Анализ и диагностика финансово-хозяйственной деятельности предприятий
|e учебник
|f Российская экономическая академия им. Г. В. Плеханова ; под ред. В. Я. Позднякова
|
| 210 |
|
|
|a Москва
|c Инфра-М
|d 2008
|
| 215 |
|
|
|a 617 с.
|c ил.
|
| 300 |
|
|
|a 100 лет РЭА им. Г. В. Плеханова.
|
| 320 |
|
|
|a Литература: с. 611-612.
|
| 330 |
|
|
|a Структура и содержание учебника соответствуют государственному образовательному стандарту высшего профессионального образования и включают как вопросы теории экономического анализа и диагностики, так и основы практического их применения на предприятиях при анализе финансово-хозяйственной деятельности. В книге подробно рассматриваются концепции анализа, анализ экономического потенциала, финансового состояния, финансовых и производственных результатов деятельности предприятия, анализ формирования и размещения капитала, состояние и использование производственных ресурсов, труда и заработной платы, себестоимости и эффективности деятельности. Излагаются особенности стратегического анализа, использования анализа при принятии управленческих решений, а также основы оперативно-производственного анализа. Для студентов экономических специальностей вузов, преподавателей, аспирантов, научно-исследовательских работников и практических работников организаций (предприятий).
|
| 610 |
1 |
|
|a экономика
|
| 610 |
1 |
|
|a экономический анализ
|
| 610 |
1 |
|
|a финансово-хозяйственная деятельность
|
| 610 |
1 |
|
|a диагностика
|
| 610 |
1 |
|
|a предприятия
|
| 610 |
1 |
|
|a хозяйственная деятельность
|
| 610 |
1 |
|
|a информационные технологии
|
| 610 |
1 |
|
|a финансовые вычисления
|
| 610 |
1 |
|
|a сетевые методы
|
| 610 |
1 |
|
|a стохастический анализ
|
| 610 |
1 |
|
|a экономические решения
|
| 610 |
1 |
|
|a оптимизация
|
| 610 |
1 |
|
|a экономические концепции
|
| 610 |
1 |
|
|a финансовые результаты
|
| 610 |
1 |
|
|a труд
|
| 610 |
1 |
|
|a заработная плата
|
| 610 |
1 |
|
|a эффективность
|
| 610 |
1 |
|
|a оценка
|
| 610 |
1 |
|
|a стратегический анализ
|
| 610 |
1 |
|
|a управленческие решения
|
| 610 |
1 |
|
|a оперативно-производственный анализ
|
| 610 |
1 |
|
|a учебники
|
| 686 |
|
|
|a У053я73
|v LBC/SL-A
|2 rubbk
|
| 702 |
|
1 |
|a Поздняков
|b В. Я.
|4 340
|
| 712 |
0 |
2 |
|a Российская экономическая академия им. Г. В. Плеханова
|c (Москва)
|2 stltpush
|3 (RuTPU)RU\TPU\col\18
|
| 801 |
|
1 |
|a RU
|b 63413507
|c 20071219
|g PSBO
|
| 801 |
|
2 |
|a RU
|b 63413507
|c 20150827
|g PSBO
|
| 900 |
|
|
|a Анализ и диагностика финансово-хозяйственной деятельности предприятия
|
| 942 |
|
|
|c BK
|
| 951 |
|
|
|b 080502
|
| 959 |
|
|
|a 95/20071218
|d 3
|e 264,90
|f ЧЗГЛ:1
|f АНЛ:2
|